000 00521nam a2200181Ia 4500
999 _c14436
_d14436
003 OSt
005 20201113152737.0
008 190216s9999||||xx |||||||||||||| ||und||
020 _a0195675150
040 _coclc
082 _a428.2
_bSEE/O
100 _a Seely, John
_96533
245 0 _aOxford Guide To Effective Writing And Speaking /
_cJohn Seely
260 _bOxford University Press,
_aNew delhi:
_c2007.
300 _a312
650 _aEnglish
942 _cBK
_2ddc
_h421
_iSEE/O
_k421
_mSEE/O